01498nam a22003374a 4500001001200000003000800012006001900020007001500039008004100054010001700095020001500112040002100127035002100148043001200169050002300181082002300204100002400227245013700251260006500388300001900453504006600472533015200538650006900690650006900759650006800828650007200896655002900968700002000997710001701017856012601034ebr10171112CaPaEBRm u cr cn|||||||||060314s2005 dk a sb 001 0 eng  z 2005301045 z8772888296 aCaPaEBRcCaPaEBR a(OCoLC)568026896 an-us-ny14aLC239b.H43 2005eb04a370.11/50974712221 aHedegaard, Mariane.10aRadical-local teaching and learningh[electronic resource] :ba cultural-historical approach /cMariane Hedegaard and Seth Chaiklin. aAarhus N ;aOakville, CT :bAarhus University Press,cc2005. a227 p. :bill. aIncludes bibliographical references (p. [201]-220) and index. aElectronic reproduction.bPalo Alto, Calif. :cebrary,d2013.nAvailable via World Wide Web.nAccess may be limited to ebrary affiliated libraries. 0aPlace-based educationzNew York (State)zNew YorkvCase studies. 0aAfter-school programszNew York (State)zNew YorkvCase studies. 0aCommunity and schoolzNew York (State)zNew YorkvCase studies. 0aPuerto RicansxEducationzNew York (State)zNew YorkvCase studies. 7aElectronic books.2local1 aChaiklin, Seth.2 aebrary, Inc.40uhttp://site.ebrary.com/lib/rucke/Doc?id=10171112zAn electronic book accessible through the World Wide Web; click to view